00327nam a2200097 4500008004100000040005500041100001800096245003400114260006300148300001800211240729b |||||||| |||| 00| 0 eng d aNational Science LibrarycNational Science Library aPascu, Stefan aIzvoarele rascoalei lui horea aRomania: bEditura Academiei Republicii Socialiste, c1983 axxviii, 419p.